| 000 | 01937nam a22003137a 4500 | ||
|---|---|---|---|
| 005 | 2010081007027.0 | ||
| 010 | _aENG-99431 B-456329-333 | ||
| 020 |
_a019806313x _c495.00 |
||
| 020 |
_a9780198063131 _c495.00 |
||
| 035 | _aEN-82963 B-456329-333 | ||
| 037 | _bDBAD/PUB | ||
| 037 | _bRBC/Ven | ||
| 082 | _a330.954 | ||
| 245 |
_aThe concise oxford companion to economics in India / _cedited by Kushik Basu [and] Annemie Maertens |
||
| 260 |
_aNew Delhi _bOxford University Press _c2010 |
||
| 270 |
_aYMCA Library Building, Jai Singh Road _bNew Delhi _e110001 |
||
| 300 |
_ax,617p.: _bill. _c24cm (pbk) |
||
| 650 |
_aEconomics _zIndia _945216 |
||
| 700 |
_aBasu, Kaushik _910266 |
||
| 700 |
_aMaertens, Annemie _910267 |
||
| 942 |
_2ddc _cEN _h330.954 _mCON |
||
| 999 |
_c40716 _d40716 |
||